| 000 | 00389nam a2200145Ia 4500 | ||
|---|---|---|---|
| 008 | 230917s9999||||xx |||||||||||||| ||und|| | ||
| 040 |
_e200511 _aMAIN |
||
| 041 | _aEnglish | ||
| 082 | _a820.8 S86S | ||
| 100 | _aSagare, Sarjerao, ed. | ||
| 245 | 0 | _aStrings of gold: An anthology for defgree classes | |
| 260 |
_aHyderabad _bOrient Blackswan _c2009 |
||
| 300 | _av, 192 p. | ||
| 942 | _cBK | ||
| 999 |
_c170477 _d170477 |
||